| 000 | 00385nam a22001577a 4500 | ||
|---|---|---|---|
| 005 | 20230606200654.0 | ||
| 008 | 230606b |||||||| |||| 00| 0 eng d | ||
| 020 | _a9788126514151 | ||
| 082 |
_a004.698 _bYOU-M |
||
| 100 | _aYang Young Won | ||
| 245 | _aApplied Numerical Methods Using MATLAB | ||
| 260 | _aINDIA | ||
| 650 | _aEngineering | ||
| 700 | _aWon Young Yang | ||
| 999 |
_c18625 _d18625 |
||